[Event "5th Budapest Open"]
[Site "Budapest"]
[Date "2015.08.20"]
[Round "6.7"]
[White "Kovacs, Istvan"]
[Black "Brustkern, Juergen"]
[Result "0-1"]
[WhiteElo "2147"]
[BlackElo "2236"]
[PlyCount "98"]
[EventDate "2014.08.15"]
[EventType "swiss"]
[EventRounds "9"]
[EventCountry "HUN"]

1. Nf3 f5 2. d3 Nc6 3. Nc3 e5 4. e4 Nf6 5. d4 exd4 6. Nxd4 fxe4 7. Bg5 Bb4 8.
Bc4 d5 9. Bb3 Bxc3+ 10. bxc3 O-O 11. f3 exf3 12. O-O fxg2 13. Re1 Na5 14. Re5
c6 15. Qf3 Nxb3 16. cxb3 Qd6 17. Rae1 Ng4 18. Qxf8+ Qxf8 19. Re8 Bd7 20. Rxf8+
Rxf8 21. Kxg2 Nf6 22. Re3 Ne4 23. Bh4 g5 24. Be1 g4 25. c4 h5 26. Bh4 b5 27.
Ne2 Kg7 28. cxd5 cxd5 29. Ng3 Rf2+ 30. Kg1 Rxa2 31. Nxe4 dxe4 32. Rxe4 Bc6 33.
Re7+ Kf8 34. Rc7 Rg2+ 35. Kf1 Rxh2 36. Bg3 Rh1+ 37. Kf2 Bd5 38. Rc5 Bxb3 39.
Rxb5 Bf7 40. Ra5 h4 41. Be5 Rc1 42. Rxa7 Rc2+ 43. Ke3 h3 44. Ra6 Bd5 45. Rh6
Rg2 46. Kd4 Bf3 47. Ke3 Re2+ 48. Kf4 h2 49. Kf5 h1=Q 0-1

[Event "5th Budapest Open"]
[Site "Budapest"]
[Date "2015.08.20"]
[Round "6.8"]
[White "Juhasz, Bela"]
[Black "Ongut, Tamas Gunes"]
[Result "1-0"]
[WhiteElo "2134"]
[BlackElo "1883"]
[PlyCount "93"]
[EventDate "2014.08.15"]
[EventType "swiss"]
[EventRounds "9"]
[EventCountry "HUN"]

1. Nf3 Nf6 2. c4 e6 3. g3 b6 4. Bg2 Bb7 5. Nc3 Be7 6. O-O O-O 7. Re1 d6 8. d4
Nbd7 9. e4 e5 10. h3 h6 11. Nh4 Re8 12. Nf5 Bf8 13. d5 Kh7 14. Qc2 g6 15. Ne3
a5 16. Bd2 Nc5 17. b3 Qd7 18. Kh2 Bg7 19. Rab1 Qe7 20. Re2 Bc8 21. Rf1 Nh5 22.
Ree1 Rf8 23. Ne2 Bd7 24. Bf3 Nf6 25. Nc3 Rae8 26. Ned1 Ng8 27. Bg2 f5 28. f3 f4
29. gxf4 exf4 30. Ne2 Qh4 31. Nf2 g5 32. Kg1 Kh8 33. Bc3 Be5 34. a3 h5 35. b4
axb4 36. axb4 Nb7 37. Bxe5+ Rxe5 38. Qc3 Nf6 39. Nc1 g4 40. fxg4 hxg4 41. hxg4
Bxg4 42. Ncd3 Rh5 43. Nxg4 Qxg4 44. Rxf4 Qg6 45. Ref1 Kg7 46. e5 dxe5 47. Nxe5
1-0

[Event "5th Budapest Open"]
[Site "Budapest"]
[Date "2015.08.20"]
[Round "6.9"]
[White "Bakk, Zoltan"]
[Black "Blazquez Criado, Sergio"]
[Result "1/2-1/2"]
[WhiteElo "2051"]
[BlackElo "1904"]
[PlyCount "40"]
[EventDate "2014.08.15"]
[EventType "swiss"]
[EventRounds "9"]
[EventCountry "HUN"]

1. d4 Nf6 2. Nf3 e6 3. Bg5 Be7 4. Nbd2 d5 5. e3 b6 6. c3 O-O 7. a4 c5 8. Bb5 c4
9. a5 Bd7 10. Qa4 Bxb5 11. Qxb5 a6 12. Qxb6 Qxb6 13. axb6 Nbd7 14. Ne5 Bd6 15.
Bxf6 Nxf6 16. Nc6 Rac8 17. Na7 Ra8 18. Nc6 Rac8 19. Na7 Ra8 20. Nc6 Rac8
1/2-1/2

[Event "5th Budapest Open"]
[Site "Budapest"]
[Date "2015.08.20"]
[Round "6.10"]
[White "Yip, Michael"]
[Black "Balogh, Lajos"]
[Result "1/2-1/2"]
[WhiteElo "1927"]
[BlackElo "2018"]
[PlyCount "93"]
[EventDate "2014.08.15"]
[EventType "swiss"]
[EventRounds "9"]
[EventCountry "HUN"]

1. d4 Nf6 2. c4 e6 3. Nc3 Bb4 4. e3 b6 5. Nge2 Bb7 6. a3 Bxc3+ 7. Nxc3 d6 8. f3
Nbd7 9. Bd3 Nh5 10. O-O f5 11. Qc2 g6 12. b4 e5 13. d5 Nhf6 14. Bb2 O-O 15. e4
f4 16. Na4 Qe7 17. Rfc1 Ba6 18. Rab1 Rf7 19. c5 Bxd3 20. Qxd3 g5 21. cxd6 cxd6
22. Nc3 a6 23. Nd1 h5 24. Rc7 g4 25. Rbc1 Rg7 26. R1c2 Kh7 27. Kf1 Rag8 28. Bc1
gxf3 29. Qxf3 Ng4 30. Qh3 Qe8 31. R7c3 Ndf6 32. Re2 Qb5 33. Ke1 a5 34. bxa5
Qxa5 35. Bd2 Qa4 36. Rb3 Qd4 37. Kf1 Rg5 38. Rb4 Qa1 39. Re1 Qa2 40. Re2 Qc2
41. Nc3 Ne3+ 42. Bxe3 Qxc3 43. Bxb6 Qc1+ 44. Re1 Qc2 45. Re2 Qd1+ 46. Re1 Qc2
47. Re2 1/2-1/2

[Event "5th Budapest Open"]
[Site "Budapest"]
[Date "2015.08.20"]
[Round "6.11"]
[White "Csapo, Zoltan"]
[Black "Geher, Laszlo"]
[Result "1-0"]
[WhiteElo "1993"]
[BlackElo "1851"]
[PlyCount "61"]
[EventDate "2014.08.15"]
[EventType "swiss"]
[EventRounds "9"]
[EventCountry "HUN"]

1. e4 d6 2. d4 Nf6 3. Nc3 g6 4. Bg5 Bg7 5. e5 dxe5 6. dxe5 Ng4 7. Qxd8+ Kxd8 8.
O-O-O+ Bd7 9. e6 Nxf2 10. exd7 Bxc3 11. bxc3 Nxd1 12. Kxd1 Nxd7 13. Nf3 f6 14.
Bh4 c6 15. Kc1 Kc7 16. Bc4 b5 17. Be6 Nc5 18. Bg3+ Kb7 19. Re1 Rad8 20. Nd4 f5
21. Be5 Rhe8 22. c4 b4 23. g4 fxg4 24. Bxg4 Rf8 25. Bf3 Rc8 26. Bg3 Rf7 27. Re5
Nd7 28. Re6 Nc5 29. Re5 Nd7 30. Rb5+ Ka6 31. Nxc6 1-0

[Event "5th Budapest Open"]
[Site "Budapest"]
[Date "2015.08.20"]
[Round "6.12"]
[White "Arellano Pardo, Martin"]
[Black "Zoldy, Robert"]
[Result "1-0"]
[WhiteElo "1912"]
[BlackElo "1978"]
[PlyCount "73"]
[EventDate "2014.08.15"]
[EventType "swiss"]
[EventRounds "9"]
[EventCountry "HUN"]

1. e4 e5 2. Nc3 Nf6 3. f4 d5 4. fxe5 Nxe4 5. Nf3 Bc5 6. d4 Bb4 7. Bd2 c5 8. Qe2
Bxc3 9. Bxc3 c4 10. Qe3 Nc6 11. Be2 O-O 12. O-O Nxc3 13. bxc3 Bf5 14. Rf2 Bxc2
15. Bxc4 Bg6 16. Bd3 Qe7 17. Raf1 Bxd3 18. Qxd3 f6 19. exf6 Qxf6 20. h4 Qd6 21.
Ng5 Qg6 22. Rxf8+ Rxf8 23. Rxf8+ Kxf8 24. Nxh7+ Kf7 25. Ng5+ Kf6 26. Qe2 Qb1+
27. Kh2 Qf5 28. g4 Qf4+ 29. Kh3 Nd8 30. Qf3 Qxf3+ 31. Nxf3 b5 32. Ne5 a5 33. a3
Ne6 34. Nd3 Nd8 35. Nf4 Nc6 36. Nxd5+ Kf7 37. Kg3 1-0

[Event "5th Budapest Open"]
[Site "Budapest"]
[Date "2015.08.20"]
[Round "6.13"]
[White "Koczo, Kristof"]
[Black "Rabovszky, Gyorgy"]
[Result "1-0"]
[WhiteElo "2193"]
[BlackElo "1886"]
[PlyCount "57"]
[EventDate "2014.08.15"]
[EventType "swiss"]
[EventRounds "9"]
[EventCountry "HUN"]

1. d4 Nf6 2. c4 e5 3. dxe5 Ne4 4. a3 Nc6 5. Nf3 Be7 6. Qc2 d5 7. exd6 Nxd6 8.
e3 Bf5 9. Bd3 Qd7 10. Bxf5 Nxf5 11. Nc3 O-O-O 12. Nd5 g5 13. Nxe7+ Nfxe7 14.
Nxg5 Ne5 15. O-O f6 16. Qe4 Rhg8 17. f4 Nd3 18. Nxh7 Rg6 19. b4 Rdg8 20. Ra2
Qh3 21. Ng5 Qd7 22. Rd2 fxg5 23. Rxd3 Qf5 24. Qxf5+ Nxf5 25. Rd5 gxf4 26. Rxf5
Rxg2+ 27. Kh1 Rc2 28. R5xf4 b6 29. Rf8+ 1-0

[Event "5th Budapest Open"]
[Site "Budapest"]
[Date "2015.08.20"]
[Round "6.14"]
[White "Palla, Akos Botond"]
[Black "Rinyu, Janos"]
[Result "1-0"]
[WhiteElo "2064"]
[BlackElo "1845"]
[PlyCount "127"]
[EventDate "2014.08.15"]
[EventType "swiss"]
[EventRounds "9"]
[EventCountry "HUN"]

1. e4 b6 2. d4 Bb7 3. Nc3 e6 4. Bd3 Nf6 5. Nge2 c5 6. e5 Nd5 7. O-O cxd4 8. Nb5
Nc6 9. f4 a6 10. Nbxd4 Nxd4 11. Nxd4 Bc5 12. c3 b5 13. Kh1 Bxd4 14. cxd4 Ne7
15. f5 exf5 16. Bxf5 Qb6 17. Qg4 Nxf5 18. Rxf5 Qe6 19. Qf4 Rc8 20. Rg5 g6 21.
Qf2 Qc4 22. Bd2 Qd3 23. Bb4 Qc2 24. Qf1 Qc4 25. Bc5 Qxf1+ 26. Rxf1 Bd5 27. b3
h6 28. Rg3 Rh7 29. Rxg6 Rxc5 30. Rg8+ Ke7 31. dxc5 h5 32. Rf6 Bc6 33. Kg1 h4
34. Rg5 a5 35. Kf2 a4 36. bxa4 bxa4 37. a3 Rh8 38. Rg7 Bd5 39. Rg4 h3 40. g3
Rc8 41. Rxa4 Rxc5 42. Ke3 Bc6 43. Raf4 Rxe5+ 44. Kd4 Ra5 45. Rxf7+ Kd6 46.
R7f6+ Kc7 47. Rxc6+ Kxc6 48. Rh4 Rxa3 49. Rxh3 Ra4+ 50. Ke5 d5 51. Rh8 Re4+ 52.
Kf5 Kc5 53. h4 Re2 54. h5 Rf2+ 55. Kg5 d4 56. Rd8 Kc4 57. h6 Rh2 58. Kg6 Rg2
59. h7 Rxg3+ 60. Kf5 Rh3 61. h8=Q Rxh8 62. Rxh8 d3 63. Ke4 d2 64. Rd8 1-0

[Event "5th Budapest Open"]
[Site "Budapest"]
[Date "2015.08.20"]
[Round "6.15"]
[White "Gorog, Almos"]
[Black "Trajber, Csaba dr"]
[Result "1/2-1/2"]
[WhiteElo "1912"]
[BlackElo "2056"]
[PlyCount "43"]
[EventDate "2014.08.15"]
[EventType "swiss"]
[EventRounds "9"]
[EventCountry "HUN"]

1. c4 e6 2. g3 d5 3. Bg2 Nf6 4. Nf3 dxc4 5. Na3 Bxa3 6. bxa3 Nc6 7. Bb2 O-O 8.
Qc2 Qd5 9. O-O Qe4 10. Qxe4 Nxe4 11. Rac1 Nd6 12. Ne5 Nxe5 13. Bxe5 Rd8 14.
Bxd6 Rxd6 15. Rxc4 c6 16. d4 e5 17. dxe5 Rd2 18. Rb4 Kf8 19. Rfb1 Rxa2 20. Bxc6
Rxe2 21. Bxb7 Bxb7 22. Rxb7 1/2-1/2

[Event "5th Budapest Open"]
[Site "Budapest"]
[Date "2015.08.20"]
[Round "6.16"]
[White "Rajcsanyi, Peter"]
[Black "Mester, Attila"]
[Result "0-1"]
[WhiteElo "1820"]
[BlackElo "2025"]
[PlyCount "104"]
[EventDate "2014.08.15"]
[EventType "swiss"]
[EventRounds "9"]
[EventCountry "HUN"]

1. e4 g6 2. d4 Bg7 3. Nc3 d6 4. Nf3 a6 5. a4 b6 6. h3 Bb7 7. Bd3 Nd7 8. O-O c5
9. Be3 cxd4 10. Bxd4 Ngf6 11. Nd5 e5 12. Nxf6+ Nxf6 13. Bc3 Nxe4 14. Bb4 Nc5
15. Be2 O-O 16. Bxc5 dxc5 17. c3 Qc7 18. Qc2 Rad8 19. Rad1 h6 20. Rxd8 Rxd8 21.
Rd1 Kf8 22. Rxd8+ Qxd8 23. Qd2 Ke7 24. Qe3 Qc7 25. Bc4 e4 26. Nd2 Qe5 27. Be2
f5 28. Nc4 Qc7 29. f4 g5 30. g3 Bf6 31. Qf2 Bc8 32. Ne3 Qd7 33. Nc4 Qe6 34. Ne3
gxf4 35. gxf4 Qc6 36. Bc4 Be6 37. Qd2 Bxc4 38. Nxc4 b5 39. axb5 axb5 40. Ne3
Ke6 41. Kh2 c4 42. Kg3 Qc5 43. h4 Be7 44. Kh3 Qd6 45. Qxd6+ Bxd6 46. Kg3 Bc5
47. Ng2 h5 48. Ne1 b4 49. Nc2 b3 50. Ne1 Ba3 51. Kf2 Bxb2 52. Ng2 Bxc3 0-1

[Event "5th Budapest Open"]
[Site "Budapest"]
[Date "2015.08.20"]
[Round "6.17"]
[White "Kozma, Gabor"]
[Black "Horvath, Csaba3"]
[Result "1/2-1/2"]
[WhiteElo "2008"]
[BlackElo "1823"]
[PlyCount "82"]
[EventDate "2014.08.15"]
[EventType "swiss"]
[EventRounds "9"]
[EventCountry "HUN"]

1. e4 c5 2. Nf3 e6 3. d4 cxd4 4. Nxd4 a6 5. Nc3 Qc7 6. Bd3 Nf6 7. O-O Be7 8.
Kh1 d6 9. f4 Nbd7 10. Qf3 b5 11. Qg3 Bb7 12. a3 Nc5 13. e5 Nd5 14. Qxg7 O-O-O
15. Qxf7 Rdf8 16. Nxe6 Rxf7 17. Nxc7 Nxc7 18. Be3 Rg8 19. Rg1 dxe5 20. fxe5
Nxd3 21. cxd3 Rf3 22. Rae1 Bh4 23. Re2 Rxe3 24. Rxe3 Bf2 25. Re2 Bxg1 26. Kxg1
Ne6 27. g3 Nd4 28. Rf2 Nf3+ 29. Kf1 Nxe5 30. d4 Ng4 31. Rd2 Ne3+ 32. Ke2 Nc4
33. Rc2 Re8+ 34. Kf2 Rf8+ 35. Ke2 Rd8 36. a4 Kb8 37. axb5 Rxd4 38. bxa6 Bxa6
39. Kf3 Bb7+ 40. Ke2 Ba6 41. Kf3 Bb7+ 1/2-1/2

[Event "5th Budapest Open"]
[Site "Budapest"]
[Date "2015.08.20"]
[Round "6.18"]
[White "Abraham, Lajos"]
[Black "Heyl, Thomas"]
[Result "0-1"]
[WhiteElo "1781"]
[BlackElo "1986"]
[PlyCount "94"]
[EventDate "2014.08.15"]
[EventType "swiss"]
[EventRounds "9"]
[EventCountry "HUN"]

1. e4 c5 2. Nf3 e6 3. d4 cxd4 4. Nxd4 a6 5. Be3 Nf6 6. Nd2 Qc7 7. g3 d5 8. Bg2
e5 9. N4b3 d4 10. Bg5 Nc6 11. Bxf6 gxf6 12. a3 Be6 13. Qf3 Be7 14. c3 Rd8 15.
cxd4 Nxd4 16. Nxd4 Rxd4 17. Rd1 Qc2 18. Qc3 Qxc3 19. bxc3 Ra4 20. c4 Bxc4 21.
Rc1 Be6 22. Ke2 Rxa3 23. Rb1 b5 24. Ra1 O-O 25. Rxa3 Bxa3 26. Ra1 b4 27. Ke3
Ra8 28. Bf1 a5 29. Nc4 Bxc4 30. Bxc4 Bb2 31. Ra2 Bd4+ 32. Ke2 a4 33. Bb3 a3 34.
Rc2 Bb2 35. Ba2 Ra7 36. Kd3 Bc3 37. Ke2 Kf8 38. Bb3 Ke7 39. Kd3 Kd6 40. Ra2 Kc5
41. f3 Bb2 42. Ke3 Kb5 43. h4 Rc7 44. Ke2 Rc3 45. Bxf7 b3 46. Bxb3 Rxb3 47. g4
Kc4 0-1

[Event "5th Budapest Open"]
[Site "Budapest"]
[Date "2015.08.20"]
[Round "6.19"]
[White "Lesar, David"]
[Black "Bensaid, Simon"]
[Result "0-1"]
[WhiteElo "1882"]
[BlackElo "1924"]
[PlyCount "56"]
[EventDate "2014.08.15"]
[EventType "swiss"]
[EventRounds "9"]
[EventCountry "HUN"]

1. e4 c6 2. d4 d5 3. e5 Bf5 4. Nc3 e6 5. g4 Bg6 6. Nge2 c5 7. h4 h5 8. Nf4 Bh7
9. Nxh5 Nc6 10. Bb5 cxd4 11. Qxd4 Nge7 12. Bxc6+ Nxc6 13. Qa4 d4 14. Ne2 Qd5
15. Rh3 Qxe5 16. Bf4 Qc5 17. c3 e5 18. b4 Qc4 19. Bxe5 O-O-O 20. Bxd4 Nxd4 21.
cxd4 Bxb4+ 22. Kf1 Bd3 23. Rxd3 Qxd3 24. Nhf4 Qe4 25. Rc1+ Kb8 26. Qxb4 Rxh4
27. Ng2 Rh1+ 28. Ng1 Qd3+ 0-1

[Event "5th Budapest Open"]
[Site "Budapest"]
[Date "2015.08.20"]
[Round "6.20"]
[White "Bellan, Istvan"]
[Black "Horvath, Aron Balazs"]
[Result "0-1"]
[WhiteElo "1848"]
[BlackElo "1788"]
[PlyCount "46"]
[EventDate "2014.08.15"]
[EventType "swiss"]
[EventRounds "9"]
[EventCountry "HUN"]

1. e4 c5 2. Nf3 Nc6 3. d4 cxd4 4. Nxd4 Nf6 5. Nxc6 bxc6 6. Nc3 e6 7. e5 Nd5 8.
Ne4 Qc7 9. f4 Bb7 10. a3 c5 11. c4 Nb6 12. Bd3 O-O-O 13. O-O Nxc4 14. Ng5 d5
15. Bxc4 dxc4 16. Qc2 h6 17. Nf3 Qc6 18. Re1 Be7 19. Be3 g5 20. fxg5 hxg5 21.
h3 Rxh3 22. gxh3 Qxf3 23. Qh2 Rh8 0-1

[Event "5th Budapest Open"]
[Site "Budapest"]
[Date "2015.08.20"]
[Round "6.21"]
[White "Persanyi, Barnabas"]
[Black "Szurkos, Andras"]
[Result "1-0"]
[WhiteElo "2064"]
[BlackElo "1807"]
[PlyCount "93"]
[EventDate "2014.08.15"]
[EventType "swiss"]
[EventRounds "9"]
[EventCountry "HUN"]

1. e4 e6 2. d4 d5 3. exd5 exd5 4. Nf3 Nf6 5. c4 Bb4+ 6. Nc3 O-O 7. Be2 Ne4 8.
Bd2 Bxc3 9. Bxc3 Nxc3 10. bxc3 dxc4 11. O-O b5 12. a4 c6 13. Qc2 Qf6 14. Ne5
Bf5 15. Qb2 Nd7 16. Nxd7 Bxd7 17. axb5 cxb5 18. Bf3 Rad8 19. Rxa7 Bc6 20. Ra6
Rd6 21. Rxc6 Rxc6 22. Bxc6 Qxc6 23. h3 Rb8 24. Re1 Re8 25. Rb1 Rb8 26. Qb4 h6
27. Re1 Re8 28. Re7 Rxe7 29. Qxe7 Qe6 30. Qxe6 fxe6 31. Kf1 Kf7 32. Ke2 Kf6 33.
Ke3 h5 34. g3 Kf5 35. f3 g5 36. g4+ hxg4 37. hxg4+ Kf6 38. Ke4 Ke7 39. d5 b4
40. d6+ Kxd6 41. cxb4 Kc6 42. f4 Kb5 43. fxg5 c3 44. Kd3 Kxb4 45. Kc2 Kc5 46.
g6 Kd6 47. g7 1-0

[Event "5th Budapest Open"]
[Site "Budapest"]
[Date "2015.08.20"]
[Round "6.22"]
[White "Szlenka, Attila"]
[Black "Cruz Guerra, Samuel"]
[Result "1/2-1/2"]
[WhiteElo "1765"]
[BlackElo "1904"]
[PlyCount "43"]
[EventDate "2014.08.15"]
[EventType "swiss"]
[EventRounds "9"]
[EventCountry "HUN"]

1. c4 Nf6 2. Nc3 g6 3. g3 Bg7 4. Bg2 O-O 5. e4 d6 6. Nge2 e5 7. O-O Nh5 8. d3
f5 9. f4 Nc6 10. Bd2 Be6 11. Nd5 exf4 12. Ndxf4 Nxf4 13. Nxf4 Bd7 14. exf5 Bxf5
15. Bd5+ Kh8 16. Bc3 Qd7 17. Qd2 Rae8 18. Rae1 Nd4 19. Bg2 b6 20. Kh1 a5 21.
Rxe8 Rxe8 22. Re1 1/2-1/2

[Event "5th Budapest Open"]
[Site "Budapest"]
[Date "2015.08.20"]
[Round "6.23"]
[White "Liptak, Tibor"]
[Black "Czimer, Jozsef"]
[Result "1-0"]
[WhiteElo "1833"]
[BlackElo "1706"]
[PlyCount "83"]
[EventDate "2014.08.15"]
[EventType "swiss"]
[EventRounds "9"]
[EventCountry "HUN"]

1. e4 g6 2. d4 Bg7 3. Nc3 c5 4. Nf3 cxd4 5. Nxd4 Nc6 6. Be3 Qa5 7. Bc4 Nf6 8.
O-O O-O 9. f4 d6 10. Kh1 a6 11. a3 Ng4 12. Bg1 Nxd4 13. Bxd4 e5 14. Bg1 exf4
15. Nd5 Qd8 16. Rxf4 Ne5 17. Bb3 b5 18. Qf1 Rb8 19. Rd1 Be6 20. Bd4 Rb7 21. Qf2
Ng4 22. Qf3 Ne5 23. Qf1 g5 24. Nf6+ Kh8 25. Rf2 Qe7 26. Nh5 Bxb3 27. cxb3 f6
28. Nxg7 Kxg7 29. Qe2 Qe6 30. Bc3 Rc8 31. Qh5 Rc6 32. Rdf1 Rf7 33. h4 h6 34.
hxg5 hxg5 35. Rf5 Rc8 36. Qd1 Rh8+ 37. Kg1 Rh4 38. Qd2 Kg6 39. Bxe5 dxe5 40.
Qd8 Rf4 41. Qg8+ Rg7 42. Qxe6 1-0

[Event "5th Budapest Open"]
[Site "Budapest"]
[Date "2015.08.20"]
[Round "6.24"]
[White "Bartok, David Dominik"]
[Black "Schatzer, Andras"]
[Result "0-1"]
[WhiteElo "1610"]
[BlackElo "1809"]
[PlyCount "118"]
[EventDate "2014.08.15"]
[EventType "swiss"]
[EventRounds "9"]
[EventCountry "HUN"]

1. e4 c5 2. c3 Nf6 3. e5 Nd5 4. d4 cxd4 5. Qxd4 e6 6. Nf3 Nc6 7. Qe4 Be7 8. Bc4
Nb6 9. Bb5 O-O 10. O-O d5 11. exd6 Qxd6 12. Bxc6 Qxc6 13. Qxc6 bxc6 14. Nbd2
Ba6 15. Re1 Rfd8 16. Ne4 Rd7 17. Ne5 Rc7 18. Bf4 Rcc8 19. Nf3 Rd8 20. Bc7 Rd7
21. Bxb6 axb6 22. Ne5 Rc7 23. Red1 f5 24. Nd2 Rd8 25. Ndc4 Bxc4 26. Nxc4 b5 27.
Rxd8+ Bxd8 28. Rd1 Bf6 29. Ne3 b4 30. cxb4 Bxb2 31. Rb1 Ba3 32. Nc4 Ra7 33.
Nxa3 Rxa3 34. Rb2 Kf7 35. Kf1 Kf6 36. Rc2 g5 37. Rxc6 Rxa2 38. Rc7 Rb2 39. Rb7
Ke5 40. b5 Ke4 41. b6 h5 42. Rg7 g4 43. b7 Kd5 44. Rd7+ Kc6 45. Re7 Kd6 46. Rh7
f4 47. Rf7 Ke5 48. h3 Ke4 49. hxg4 hxg4 50. Rf6 Kd3 51. Rxe6 Rxb7 52. Re1 Rb4
53. Kg1 Re4 54. Rxe4 Kxe4 55. Kh2 Ke5 56. f3 gxf3 57. gxf3 Kd4 58. Kh3 Kd3 59.
Kh4 Ke2 0-1

[Event "5th Budapest Open"]
[Site "Budapest"]
[Date "2015.08.20"]
[Round "6.25"]
[White "Sergyan, Gyula Zoltan"]
[Black "Bodrogi, Laszlo"]
[Result "1-0"]
[WhiteElo "1585"]
[BlackElo "1985"]
[PlyCount "77"]
[EventDate "2014.08.15"]
[EventType "swiss"]
[EventRounds "9"]
[EventCountry "HUN"]

1. e4 c5 2. Nc3 Nc6 3. f4 e6 4. Nf3 d5 5. Bb5 Nge7 6. exd5 exd5 7. d4 Bg4 8.
O-O cxd4 9. Qxd4 Bxf3 10. Rxf3 Qd7 11. Qa4 Nf5 12. Be3 d4 13. Rd1 O-O-O 14. Bf2
Bc5 15. Ne4 Bb6 16. Rc3 dxc3 17. Rxd7 cxb2 18. Rxd8+ Rxd8 19. Nc3 b1=Q+ 20.
Nxb1 Rd1+ 21. Bf1 Ne3 22. Nd2 Rxd2 23. Bxe3 Bxe3+ 24. Kh1 Rd4 25. Qb5 Rxf4 26.
g3 Rf6 27. Qd3 Bd4 28. Bg2 Bb6 29. Qxh7 Bd4 30. h4 g6 31. Qh6 Kc7 32. Qf8 Rf2
33. Qa3 b5 34. Qb3 a6 35. Kh2 Ne5 36. Qd5 Nf3+ 37. Kh1 Rxc2 38. Bxf3 Rc1+ 39.
Kh2 1-0

[Event "5th Budapest Open"]
[Site "Budapest"]
[Date "2015.08.20"]
[Round "6.26"]
[White "Lakatos, Tamas"]
[Black "Mihaly, Zoltan"]
[Result "1-0"]
[WhiteElo "1533"]
[BlackElo "1774"]
[PlyCount "45"]
[EventDate "2014.08.15"]
[EventType "swiss"]
[EventRounds "9"]
[EventCountry "HUN"]

1. e4 c6 2. d4 d6 3. Nc3 g6 4. Be3 Bg7 5. Qd2 Qb6 6. Na4 Qc7 7. Bd3 Bd7 8. Nc3
a5 9. Nge2 Na6 10. O-O Nb4 11. a3 Nxd3 12. Qxd3 Nf6 13. h3 O-O 14. f4 e5 15.
dxe5 dxe5 16. fxe5 Ne8 17. Bc5 Bxe5 18. Bxf8 Kxf8 19. Rad1 Be6 20. Nd4 Qb6 21.
Kh1 Bxd4 22. Qxd4 Qxb2 23. Qh8+ 1-0

[Event "5th Budapest Open"]
[Site "Budapest"]
[Date "2015.08.20"]
[Round "6.27"]
[White "Zsatkovics, Endre"]
[Black "Ronyai, Imre"]
[Result "1-0"]
[WhiteElo "1748"]
[BlackElo "1549"]
[PlyCount "97"]
[EventDate "2014.08.15"]
[EventType "swiss"]
[EventRounds "9"]
[EventCountry "HUN"]

1. e4 c5 2. Nf3 e6 3. d4 cxd4 4. Nxd4 Nf6 5. Bd3 Bc5 6. Nb3 Be7 7. Nc3 d6 8.
Bf4 Nc6 9. Qe2 e5 10. Bg3 a6 11. a4 Be6 12. Bc4 Bxc4 13. Qxc4 Rc8 14. Qe2 Nb4
15. O-O O-O 16. a5 Qc7 17. Ra4 Nc6 18. f3 Qd7 19. Bf2 Nd8 20. Raa1 Ne6 21. g3
Ng5 22. Be3 Ne6 23. Rfd1 h5 24. Na4 Qb5 25. Rd2 Qxe2 26. Rxe2 Rc6 27. Nb6 Nc7
28. Bg5 Nb5 29. Bxf6 Bxf6 30. Nd7 Rfc8 31. Nxf6+ gxf6 32. c3 Kf8 33. Nc1 Ke7
34. Nd3 Nc7 35. f4 Ne6 36. Ra3 Rc4 37. Rb3 R8c7 38. Nb4 Nc5 39. Nd5+ Kd8 40.
Nxc7 Nxb3 41. Nd5 Rc5 42. f5 Rxa5 43. Nxf6 Ra4 44. Kf2 Nc5 45. Kf3 Ke7 46. Nxh5
f6 47. g4 Nd7 48. h4 Ra1 49. g5 1-0

[Event "5th Budapest Open"]
[Site "Budapest"]
[Date "2015.08.20"]
[Round "6.28"]
[White "Kanizaj, Benjamin"]
[Black "Karacsonyi, Kata"]
[Result "1/2-1/2"]
[WhiteElo "1662"]
[BlackElo "1461"]
[PlyCount "96"]
[EventDate "2014.08.15"]
[EventType "swiss"]
[EventRounds "9"]
[EventCountry "HUN"]

1. e4 c5 2. Nf3 d6 3. d4 cxd4 4. Nxd4 Nf6 5. Nc3 Nc6 6. Bc4 e6 7. Bb3 Be7 8. f4
O-O 9. Be3 Nxd4 10. Bxd4 b6 11. Qf3 Bb7 12. O-O-O Qc7 13. g4 Nd7 14. g5 Nc5 15.
h4 Nxb3+ 16. axb3 Qc6 17. h5 b5 18. Rde1 Rac8 19. Rh2 Qa6 20. Kb1 b4 21. Nd1
Qb5 22. Qg4 a5 23. g6 e5 24. gxh7+ Kh8 25. Rg1 Bf6 26. Qf5 Qe8 27. h6 Qe6 28.
fxe5 Qxf5 29. exf5 dxe5 30. Be3 Be4 31. hxg7+ Bxg7 32. Rxg7 Kxg7 33. Bh6+ Kh8
34. f6 Bxh7 35. Ne3 Rg8 36. Nf5 Rg1+ 37. Ka2 Re8 38. Bg7+ Rxg7 39. Nxg7 Rc8 40.
Nf5 Rb8 41. Nh6 Rb7 42. Rg2 e4 43. Kb1 e3 44. Kc1 Rc7 45. Kd1 Be4 46. Rh2 Bh7
47. Rg2 Be4 48. Rh2 Bh7 1/2-1/2

[Event "5th Budapest Open"]
[Site "Budapest"]
[Date "2015.08.20"]
[Round "6.30"]
[White "Papp, Andrea"]
[Black "Karacsonyi, Luca"]
[Result "1-0"]
[WhiteElo "1601"]
[BlackElo "1115"]
[PlyCount "95"]
[EventDate "2014.08.15"]
[EventType "swiss"]
[EventRounds "9"]
[EventCountry "HUN"]

1. d4 d5 2. Nf3 Nc6 3. Bf4 Bf5 4. c3 Nf6 5. e3 e6 6. Nh4 Bg6 7. Nd2 Bh5 8. Nhf3
Be7 9. Be2 O-O 10. O-O Bd6 11. Bxd6 Qxd6 12. h3 Bg6 13. Nh4 e5 14. Nxg6 hxg6
15. dxe5 Nxe5 16. Nf3 Rfe8 17. Qb3 b6 18. Rad1 Rad8 19. Rfe1 c5 20. Qc2 Nxf3+
21. Bxf3 d4 22. cxd4 cxd4 23. Rxd4 Qc5 24. Rc4 Qa5 25. b4 Qa6 26. Rc1 b5 27.
Rc5 Nd7 28. Rc7 Ne5 29. Be2 Qa4 30. Qc3 Nd7 31. Qc6 Nb6 32. Bxb5 Qxb4 33. Rxa7
Nc8 34. Rc7 Qd6 35. Qxd6 Nxd6 36. Bxe8 Nxe8 37. Rc8 Rxc8 38. Rxc8 Kf8 39. Kf1
Ke7 40. Ke2 Nd6 41. Rb8 Ke6 42. Kd3 f6 43. a4 Kd7 44. Kd4 Kc7 45. Rg8 Nf5+ 46.
Kc5 Kb7 47. g4 Ne7 48. Rxg7 1-0

[Event "5th Budapest Open"]
[Site "Budapest"]
[Date "2015.08.20"]
[Round "6.32"]
[White "Bolyki, Istvan"]
[Black "Sulyok, Eszter"]
[Result "0-1"]
[WhiteElo "1394"]
[BlackElo "1324"]
[PlyCount "120"]
[EventDate "2014.08.15"]
[EventType "swiss"]
[EventRounds "9"]
[EventCountry "HUN"]

1. d4 d5 2. c4 e6 3. cxd5 exd5 4. Nc3 Nf6 5. Bg5 c6 6. a3 Bf5 7. Nf3 Be7 8. e3
Nbd7 9. Bd3 Bxd3 10. Qxd3 Qb6 11. Rb1 O-O 12. Ne5 Rfe8 13. Nxd7 Nxd7 14. Bf4 c5
15. Qb5 cxd4 16. Qxb6 Nxb6 17. Nb5 Rac8 18. Nxd4 Bc5 19. O-O Nc4 20. Rfd1 Nb6
21. Nb5 a6 22. Nd6 Bxd6 23. Bxd6 Rc6 24. Bf4 Rec8 25. Bg3 Nc4 26. h3 Nb6 27.
Rd2 h6 28. Rbd1 Rc2 29. Rxc2 Rxc2 30. Be5 f6 31. Bc3 Na4 32. Rxd5 Nxc3 33. bxc3
Rxc3 34. Ra5 Kf7 35. Kh2 Ke6 36. Kg3 f5 37. Kf3 g5 38. g4 f4 39. a4 Ra3 40. Ke4
Kf6 41. Rf5+ Ke6 42. a5 Ra4+ 43. Kd3 Rb4 44. Rc5 Kd7 45. e4 b6 46. axb6 Rxb6
47. Rd5+ Rd6 48. Kc4 Rxd5 49. Kxd5 a5 50. Ke5 a4 51. Kf6 a3 52. Kg6 a2 53. Kxh6
a1=Q 54. Kxg5 Qe5+ 55. Kh6 Qxe4 56. g5 Qe6+ 57. g6 Qxh3+ 58. Kg7 Ke7 59. Kg8
Qg4 60. Kh8 Kf6 0-1

[Event "5th Budapest Open"]
[Site "Budapest"]
[Date "2015.08.21"]
[Round "7.1"]
[White "Kormos, Adam"]
[Black "Polyik, Peter"]
[Result "1/2-1/2"]
[WhiteElo "2109"]
[BlackElo "2178"]
[PlyCount "110"]
[EventDate "2014.08.15"]
[EventType "swiss"]
[EventRounds "9"]
[EventCountry "HUN"]

1. e4 c5 2. Nf3 d6 3. d4 cxd4 4. Nxd4 Nf6 5. Nc3 Nc6 6. Bg5 e6 7. Nxc6 bxc6 8.
Qe2 Qa5 9. Bd2 Qb6 10. g4 Be7 11. g5 Nd7 12. Na4 Qd4 13. Qc4 Ne5 14. Qxd4 Nf3+
15. Kd1 Nxd4 16. f4 e5 17. f5 Nf3 18. h4 Nxd2 19. Kxd2 h6 20. gxh6 Rxh6 21. h5
d5 22. Bd3 d4 23. a3 c5 24. b3 Ba6 25. Nb2 Bxd3 26. Kxd3 Kd7 27. Nc4 Bf6 28. b4
Rah8 29. bxc5 Rxh5 30. Rxh5 Rxh5 31. Na5 Rh3+ 32. Kc4 Rc3+ 33. Kd5 Be7 34. Nc4
Kc8 35. Nd6+ Bxd6 36. Kxd6 Rxc2 37. Rh1 Kb7 38. Rb1+ Kc8 39. f6 Rf2 40. fxg7
Rg2 41. Kxe5 Rxg7 42. Kxd4 Kc7 43. Rf1 Kc6 44. Rf6+ Kb5 45. Kd5 Rg3 46. Rxf7
Rd3+ 47. Ke6 Rxa3 48. Rc7 a5 49. e5 a4 50. Ke7 Rh3 51. e6 a3 52. Rc8 a2 53. Ra8
Rh2 54. Kd7 Rd2+ 55. Kc7 Kxc5 1/2-1/2